The student writer : Editor and critic
Written with the kind of supportive tone found in a writing workshop, this three-in-one rhetoric/reader/handbook puts students in control of developing their own writing processes by teaching them how to become astute critics and editors of their work. Now in full-color, the seventh edition of The S...
Salvato in:
| Autore principale: | |
|---|---|
| Natura: | Libro |
| Lingua: | Undetermined |
| Pubblicazione: |
Boston
McGraw- Hill
2008
|
| Soggetti: | |
| Tags: |
Aggiungi Tag
Nessun Tag, puoi essere il primo ad aggiungerne! !
|
| Thư viện lưu trữ: | Trung tâm Học liệu Trường Đại học Cần Thơ |
|---|
| LEADER | 01053nam a2200217Ia 4500 | ||
|---|---|---|---|
| 001 | CTU_187010 | ||
| 008 | 210402s9999 xx 000 0 und d | ||
| 082 | |a 808.042 | ||
| 082 | |b C647 | ||
| 100 | |a Clouse, Barbara Fine | ||
| 245 | 4 | |a The student writer : | |
| 245 | 0 | |b Editor and critic | |
| 245 | 0 | |c Barbara Fine Clouse | |
| 260 | |a Boston | ||
| 260 | |b McGraw- Hill | ||
| 260 | |c 2008 | ||
| 520 | |a Written with the kind of supportive tone found in a writing workshop, this three-in-one rhetoric/reader/handbook puts students in control of developing their own writing processes by teaching them how to become astute critics and editors of their work. Now in full-color, the seventh edition of The Student Writer offers new chapters on research, enhanced coverage of visual rhetoric including a new appendix on document design, new and enhanced coverage of plagiarism, and more. | ||
| 650 | |a English language,Tiếng Anh | ||
| 650 | |x Rhetoric,Tu từ học | ||
| 910 | |a Hải | ||
| 980 | |a Trung tâm Học liệu Trường Đại học Cần Thơ | ||